000 00935nam a2200241 i 4500
001 99523
003 ES-MaACL
005 20230929062531.0
007 t|
008 050912s1946 sp ||||1| spa d
100 1 _aMartínez, Juan de los Angeles.
_977777
245 1 0 _aDiálogos de la conquista del Reino de Dios /
_cpor Fray Juan de los Angeles Martínez; prólogo y notas de Angel González Palencia.
260 _aMadrid :
_bReal Academia Española,
_c1946.
300 _a350 p. ;
_c20 cm.
490 1 _aBiblioteca selecta de clásicos españoles. Serie II ;
_v1
500 _aPrecede al tít.: Real Academia Española.
700 1 _aGonzález Palencia, Ángel,
_d1889-1949
_958854
710 2 _aReal Academia Española
_96336
830 0 _aBiblioteca selecta de clásicos españoles. Serie II ;
_v1
_9186358
852 _aES-MaACL
_jE-1887
_bR.22515
852 _aES-MaACL
_jE-6104
_bR.90831
999 _c99523
_d99523